[Event "Africa-ch"]
[Site "Lilongwe"]
[Date "2021.05.20"]
[Round "3"]
[White "Ofubu, Samson"]
[Black "Thomas, Saah"]
[Result "1-0"]
[WhiteElo "1814"]
[BlackElo "1830"]
[PlyCount "71"]
[EventDate "2021.05.18"]
[EventType "swiss"]
[EventRounds "9"]
[EventCountry "MWI"]
[SourceTitle "CBM 202 Extra"]
[Source "ChessBase"]
[SourceDate "2021.07.31"]
[SourceVersion "1"]
[SourceVersionDate "2021.07.31"]
[SourceQuality "1"]

1. e4 c5 2. c3 d6 3. d4 Nd7 4. Nf3 Qc7 5. Qb3 e6 6. Bf4 Ngf6 7. Nbd2 a6 8. Be2 b5 9. 0-0 c4 10. Qc2 e5 11. dxe5 dxe5 12. Bg3 Bc5 13. b3 cxb3 14. axb3 0-0 15. Bxb5 Bb7 16. Bxd7 Nxd7 17. Rad1 Rae8 18. Nc4 g6 19. Rfe1 f5 20. exf5 Rxf5 21. Qd3 Re7 22. b4 Bxf3 23. gxf3 Ba7 24. Nd6 Rg5 25. f4 Rg4 26. h3 Rxg3+ 27. Qxg3 exf4 28. Qxf4 Rxe1+ 29. Rxe1 Nf8 30. Re8 Qg7 31. Qc4+ Kh8 32. Nf7+ Kg8 33. Ng5+ Kh8 34. Ne6 Bxf2+ 35. Kf1 Bc5 36. Nxg7 1-0